History of Video Games 1978-2024 - Statistics

General Stats
  • This quiz has been taken 33 times
  • The average score is 22 of 47
Answer Stats
Picture Hint Answer % Correct
1980 Pac-Man
100%
1985 Super Mario Bros.
100%
1981 Donkey Kong
96%
2002 Grand Theft Auto: Vice City
96%
2011 Minecraft
92%
1993 Doom
88%
1986 The Legend of Zelda
88%
2007 Portal
84%
2013 The Last of Us
76%
2012 Far Cry 3
72%
1978 Space Invaders
72%
2003 Call of Duty
68%
1996 Super Mario 64
68%
2018 Red Dead Redemption 2
64%
1997 Castlevania: Symphony of the Night
60%
2022 Elden Ring
60%
2021 Ratchet & Clank: Rift Apart
60%
1998 The Legend of Zelda: Ocarina of Time
60%
2015 Bloodborne
56%
2004 Half-Life 2
56%
1989 Prince of Persia
56%
1979 Asteroids
52%
1994 EarthBound
44%
1987 Metal Gear
44%
2016 Superhot
44%
2006 The Elder Scrolls IV: Oblivion
44%
1995 Chrono Trigger
36%
2001 Silent Hill 2
36%
2005 Devil May Cry 3: Dante's Awakening
32%
1999 Unreal Tournament
28%
2014 Watch Dogs
28%
2023 Alan Wake 2
24%
1990 Chip 'n Dale: Rescue Rangers
24%
1992 Darkwing Duck
24%
1991 Final Fantasy IV
24%
2020 Half-Life: Alyx
24%
1984 King's Quest
24%
1982 Pitfall!
24%
2000 Deus Ex
20%
2008 Braid
16%
2017 Prey
16%
2009 S.T.A.L.K.E.R.: Call of Pripyat
16%
2019 Outer Wilds
12%
1988 Wasteland
12%
2024 Pacific Drive
8%
1983 Nuts & Milk
4%
2010 Singularity
4%
No matching quizzes found
Score Distribution
Percent of People with Each Score
Percentile by Number Answered
Your Score History
You have not taken this quiz